Union Public Service Commission (Pre) exam IAS zoology: (Record no. 27580)

MARC details
000 -LEADER
fixed length control field 01189nam a22002897a 4500
005 - DATE AND TIME OF LATEST TRANSACTION
control field 20090618111132.0
008 - FIXED-LENGTH DATA ELEMENTS--GENERAL INFORMATION
fixed length control field 090617t xxu||||| |||| 00| 0 eng d
010 ## - LCCN (DPL NO)
LC control number ENG-94086
020 ## - INTERNATIONAL STANDARD BOOK NUMBER
Terms of availability 240.00
International Standard Book Number 9788183482240
020 ## - INTERNATIONAL STANDARD BOOK NUMBER
Terms of availability 240.00
International Standard Book Number 8183482244
035 ## - SYSTEM CONTROL NUMBER
System control number EN-77619
037 ## - SOURCE OF ACQUISITION
Source of stock number/acquisition DBAD / VEN
040 ## - CATALOGING SOURCE
Original cataloging agency dpl
Language of cataloging English
082 ## - DEWEY DECIMAL CLASSIFICATION NUMBER
Classification number 591
245 ## - TITLE STATEMENT
Title Union Public Service Commission (Pre) exam IAS zoology:
Remainder of title chapterwise detailed solutions /
Statement of responsibility, etc compiled by Sanjeev Rajora; in co-ordination with Sandeep Kr. Singh
246 ## - VARYING FORM OF TITLE
Title proper/short title Zoology Union Public Service Commission (Pre) exam IAS :
Remainder of title chapterwise detailed solutions
260 ## - PUBLICATION, DISTRIBUTION, ETC. (IMPRINT)
Place of publication, distribution, etc Meerut
Name of publisher, distributor, etc Arihant Publications
Date of publication, distribution, etc 2008
270 ## - ADDRESS
Address Kalindi, TP Nagar,
City Meerut
300 ## - PHYSICAL DESCRIPTION
Extent Various pagings
Dimensions 30cm(pbk)
490 ## - SERIES STATEMENT
Series statement Leading edge resources 2009-10
500 ## - GENERAL NOTE
General note 15 years' solved papers (1994-2008)
650 ## - SUBJECT ADDED ENTRY--TOPICAL TERM
Topical term or geographic name as entry element Zoology
General subdivision examinations, questions, etc.
700 ## - ADDED ENTRY--PERSONAL NAME
Personal name Rajora, Sanjeev
942 ## - ADDED ENTRY ELEMENTS (KOHA)
Source of classification or shelving scheme Dewey Decimal Classification
Item type English Books
Call number suffix UNI
Classification part 591
Holdings
Withdrawn status Lost status Source of classification or shelving scheme Damaged status Not for loan Collection code Home library Current library Date acquired Source of acquisition Cost, normal purchase price Total Checkouts Full call number Barcode Date last seen Copy number Cost, replacement price Koha item type
    Dewey Decimal Classification   Not For Loan Non-fiction D.B.Act.Division D.B.Act.Division 18/06/2009 DBAD / PUB 240.00   591 UNI EN-77619 18/06/2009 1 240.00 English Books

© Delhi Public Library
Hit Counter
free hit counter